000 00159nam a22000857a 4500
999 _c65152
_d65149
082 _a297
100 _aArthur jeffery
245 _aA reader on islam
942 _cBK